Statistiques concernant Culture Générale - Série 1985

Cliquez ici pour prendre le quiz!

Statistiques générales

  • Ce quiz a été pris 106 fois
  • Le résultat moyen est 4 sur 10

Statistiques - réponses

QuestionRéponse% Correct
Dans quel état des Etats Unis se trouve la ville de Chicago ?Illinois
77%
Auprès de quel grand lac est implantée Chicago ?Michigan
77%
Quel pays d'Afrique est appelé "le pays des origines" ?Ethiopie
62%
Quelle est la capitale du sultanat d'Oman ?Mascate
60%
Quel pays est traversé par la route australe ( n° 7 longue de 1 240 km) ?Chili
34%
Quelle expression latine signifie "c'est à dire" ?id est
30%
Dans quel pays européen se trouve la ville d'Eger ?Hongrie
22%
Quelle est l'unité monétaire du sultanat d'Oman ?rial
17%
Quelle locution latine signifie "même endroit" ?ibidem
10%
Quel autre nom porte la noix de cajou ? voir photoanacarde
7%

Distribution des résultats

Percentile par nombre de réponses

% des personnes avec chaque résultat

Votre développement - résultats

Vous n’avez pas pris ce quiz